|
|
|
|
| LEADER |
00000nam a2200000Ia 4500 |
| 008 |
170816b2010 mx ||||| |||| 00| | spa d |
| 999 |
|
|
|c 1203
|d 1203
|
| 020 |
|
|
|a 9786078056118
|
| 090 |
|
|
|a 06.02.01
|b 2420
|
| 100 |
1 |
|
|a Salas Luévano, Marco Antonio
|9 2027
|
| 245 |
1 |
0 |
|a Aspectos educativos del bicentenario en México / Marco Antonio Salas Luévano
|
| 260 |
|
|
|a México :
|b Universidad Autónoma de Zacatecas,
|c 2010
|
| 300 |
|
|
|a 110 páginas
|
| 490 |
|
|
|a Colección Tópicos Educativos: políticas, cultura, y diversidad educativa
|
| 650 |
1 |
4 |
|a ASPECTOS EDUCATIVOS
|9 636
|
| 650 |
1 |
4 |
|a HISTORIA
|9 22
|
| 942 |
|
|
|i 004331
|h 06.02.01 2420
|2 z
|c 01
|